Garantías constitucionales en materia penal (Registro nro. 133824)

Detalles MARC
000 -LEADER
fixed length control field 00830cam a2200205 4500
005 - DATE AND TIME OF LATEST TRANSACTION
control field 20250909132235.0
008 - FIXED-LENGTH DATA ELEMENTS--GENERAL INFORMATION
fixed length control field 030815s1996 mx 000 0 spa u
020 ## - INTERNATIONAL STANDARD BOOK NUMBER
International Standard Book Number 9505084609
050 04 - LIBRARY OF CONGRESS CALL NUMBER
Classification number KHA5866
Item number E39 1996
100 1# - MAIN ENTRY--PERSONAL NAME
Personal name Edwards, Carlos Enrique
245 10 - TITLE STATEMENT
Title Garantías constitucionales en materia penal
Remainder of title : Libertad personal, Principio de legalidad, Garantías procesales, La pena y su ejecución, Aplicación de los tratados internacionales
Statement of responsibility, etc / Carlos Enrique Edwards
250 ## - EDITION STATEMENT
Edition statement 1a ed.
260 ## - PUBLICATION, DISTRIBUTION, ETC. (IMPRINT)
Place of publication, distribution, etc Argentina :
Name of publisher, distributor, etc Astrea de Alfredo y Ricardo Depalma,
Date of publication, distribution, etc 1996
300 ## - PHYSICAL DESCRIPTION
Extent xv, 265 p. ;
Dimensions 20 cm.
504 ## - BIBLIOGRAPHY, ETC. NOTE
Bibliography, etc Incluye apéndice, bibliografía : p. 263-265
506 ## - RESTRICTIONS ON ACCESS NOTE
Terms governing access Fomes 2001
650 #7 - SUBJECT ADDED ENTRY--TOPICAL TERM
Source of heading or term lemb
Topical term or geographic name as entry element Procedimiento penal
Geographic subdivision Argentina
650 #7 - SUBJECT ADDED ENTRY--TOPICAL TERM
Source of heading or term lemb
Topical term or geographic name as entry element Garantías constitucionales
Geographic subdivision Argentina
942 ## - ADDED ENTRY ELEMENTS (KOHA)
Source of classification or shelving scheme Biblioteca del Cogreso de los Estados Unidos
Koha item type Libro
Existencias
Estado de pérdida Fuente de clasificación Estado del daño No para préstamo Ubicación permanente Ubicación actual Apartado o colección Fecha de adquisición Edición Área del conocimiento Clasificación Código de Barras Date last seen Número de copia Costo por reposición Tipo de recurso Nota pública
  Biblioteca del Cogreso de los Estados Unidos     Biblioteca de la Facultad de Derecho y Ciencias Sociales "Felipe J. Tena" Biblioteca de la Facultad de Derecho y Ciencias Sociales "Felipe J. Tena" General 24/01/2020 1a ed. Ciencias Sociales y Administrativas KHA5866 E39 1996 BFD000012061 24/01/2020 1 1.00 Libro recursos propios DGB